| 000 | 00389nam a2200145Ia 4500 | ||
|---|---|---|---|
| 008 | 230917s9999||||xx |||||||||||||| ||und|| | ||
| 040 |
_e196707 _aMAIN |
||
| 041 | _aEnglish | ||
| 082 | _a294.12 V559S | ||
| 100 | _aVenkatasubbiah, A | ||
| 245 | 0 | _aSatyaloka in Rgveda: A study | |
| 260 |
_aHoshiarpur _bVishveshvaranand Vedic Research Institute _c1974 |
||
| 300 | _a500 p. | ||
| 942 | _cBK | ||
| 999 |
_c184527 _d184527 |
||